[Event "VII. Solinger Karnevalsopen"]
[Site "Solingen"]
[Date "2016.02.06"]
[Round "3.3"]
[White "Boschek, Dr. Hans-Joachim"]
[Black "Quast, Marcel"]
[Result "0-1"]
[WhiteElo "1896"]
[BlackElo "2216"]
[PlyCount "64"]
[EventDate "2016.??.??"]
[WhiteTeam "SG Solingen"]
[BlackTeam "SC Gerthe - Werne"]

1. d4 Nf6 2. Nf3 e6 3. g3 b6 4. Bg2 Bb7 5. O-O Be7 6. c4 O-O 7. Nc3 Ne4 8. Nxe4
Bxe4 9. Ne1 Bxg2 10. Nxg2 d5 11. cxd5 Qxd5 12. Bf4 c5 13. dxc5 Qxc5 14. Qa4 Qc6
15. Qb3 Na6 16. Rac1 Qb7 17. Rfd1 Bf6 18. Bd6 Rfc8 19. Ne3 Rxc1 20. Rxc1 Rd8
21. Qa3 Bxb2 22. Qxb2 Rxd6 23. Qe5 Rd8 24. Rc4 Rc8 25. f3 Rxc4 26. Nxc4 Qc7 27.
Qe4 h6 28. Kg2 Nc5 29. Qh4 b5 30. Ne3 a5 31. g4 b4 32. g5 Qe5 0-1

[Event "VII. Solinger Karnevalsopen"]
[Site "Solingen"]
[Date "2016.02.06"]
[Round "3.4"]
[White "Lenhardt, Manfred"]
[Black "Ebert, Jürgen"]
[Result "1-0"]
[WhiteElo "2136"]
[BlackElo "1861"]
[PlyCount "41"]
[EventDate "2016.??.??"]
[WhiteTeam "SC Weisse Dame (Berlin)"]
[BlackTeam "BW Concordia Viersen"]

1. d4 Nf6 2. Nf3 c5 3. e3 d5 4. Be2 Nc6 5. O-O e6 6. Nbd2 cxd4 7. exd4 Qb6 8.
c3 Bd6 9. Bd3 Bd7 10. Qe2 Qc7 11. Re1 h5 12. Ne5 Ng4 13. Ndf3 O-O-O 14. Nxf7
Bxh2+ 15. Kf1 Rdf8 16. Nxh8 Bg3 17. Ng6 Rxf3 18. gxf3 Nxf2 19. Bf4 h4 20. Bxc7
e5 21. Qxf2 1-0

[Event "VII. Solinger Karnevalsopen"]
[Site "Solingen"]
[Date "2016.02.06"]
[Round "3.5"]
[White "Rahimi, Rozafa"]
[Black "Krüger, Andre"]
[Result "0-1"]
[WhiteElo "1632"]
[BlackElo "2103"]
[PlyCount "66"]
[EventDate "2016.??.??"]
[WhiteTeam "Hellertaler SF"]
[BlackTeam "SV Mülheim-Nord"]

1. d4 d5 2. Bf4 e6 3. Nf3 c5 4. c3 Nc6 5. e3 Bd6 6. Bxd6 Qxd6 7. Bd3 Nf6 8.
Nbd2 e5 9. Bb5 e4 10. Ne5 Nd7 11. f4 exf3 12. Ndxf3 f6 13. Nxc6 bxc6 14. Bd3 c4
15. Bc2 Qe7 16. Qd2 O-O 17. O-O-O f5 18. h3 Rb8 19. Qf2 Rb6 20. g4 Nf6 21. Ne5
Nd7 22. Qg3 Nxe5 23. dxe5 Re8 24. gxf5 Qxe5 25. Qxe5 Rxe5 26. e4 Kf8 27. Rhe1
Rb7 28. Re2 Rbe7 29. Rf2 dxe4 30. Rd4 Rxf5 31. Re2 Rf1+ 32. Bd1 e3 33. h4 h5
0-1

[Event "VII. Solinger Karnevalsopen"]
[Site "Solingen"]
[Date "2016.02.06"]
[Round "3.6"]
[White "Sherif, Amina"]
[Black "Padva, Leo"]
[Result "1-0"]
[WhiteElo "1982"]
[BlackElo "1843"]
[PlyCount "65"]
[EventDate "2016.??.??"]
[WhiteTeam "SG Solingen"]
[BlackTeam "SG Porz"]

1. d4 Nf6 2. Nf3 d5 3. e3 g6 4. Bd3 Bg7 5. O-O O-O 6. b3 Nbd7 7. Bb2 b6 8. Nbd2
Bb7 9. Qe2 c5 10. Rfd1 Re8 11. c4 Rc8 12. Rac1 Ne4 13. cxd5 Nxd2 14. Qxd2 Bxd5
15. Bb5 Bxf3 16. gxf3 e6 17. dxc5 Qg5+ 18. Kf1 Bxb2 19. Qxb2 Nxc5 20. Bxe8 Rxe8
21. b4 Nd7 22. a4 Nf6 23. Rc7 Qf5 24. Ke2 Nd5 25. Rxa7 Rc8 26. Rc1 Rd8 27. a5
Nf4+ 28. exf4 Qd3+ 29. Ke1 Qxf3 30. Qc3 Qe4+ 31. Kf1 Rd3 32. Qc8+ Kg7 33. Rxf7+
1-0

[Event "VII. Solinger Karnevalsopen"]
[Site "Solingen"]
[Date "2016.02.06"]
[Round "3.7"]
[White "Kissing, Bastian"]
[Black "Marcziter, Dr. Dmitrii"]
[Result "0-1"]
[WhiteElo "1854"]
[BlackElo "2311"]
[PlyCount "76"]
[EventDate "2016.??.??"]
[WhiteTeam "SC Tornado Wuppertal"]
[BlackTeam "DJK Aufwärts Aachen"]

1. e4 c5 2. Nf3 a6 3. c3 d5 4. exd5 Qxd5 5. c4 Qd8 6. Nc3 Nc6 7. Be2 Nf6 8. O-O
Bg4 9. d3 e6 10. Be3 Be7 11. Ng5 Bxe2 12. Qxe2 Nd4 13. Bxd4 Qxd4 14. Rfe1 O-O
15. Rad1 Rad8 16. Nf3 Qf4 17. Qe5 Qh6 18. Qg5 Qxg5 19. Nxg5 Rd7 20. Nge4 Rfd8
21. Nxf6+ Bxf6 22. Ne4 Bd4 23. Re2 h6 24. Red2 f5 25. Ng3 b5 26. Kf1 b4 27. Ne2
Bf6 28. Nc1 Bg5 29. Re2 Kf7 30. Nb3 Rc8 31. g3 Bf6 32. f4 g5 33. Nc1 a5 34.
Rde1 Rd6 35. a3 bxa3 36. bxa3 a4 37. Rc2 gxf4 38. gxf4 Rd4 0-1

[Event "VII. Solinger Karnevalsopen"]
[Site "Solingen"]
[Date "2016.02.06"]
[Round "3.8"]
[White "Mühlenhaus, Sven"]
[Black "Flesch, Dr. Stefan"]
[Result "1-0"]
[WhiteElo "2251"]
[BlackElo "2075"]
[PlyCount "101"]
[EventDate "2016.??.??"]
[WhiteTeam "Oberbilker SV"]
[BlackTeam "SG Solingen"]

1. d4 g6 2. e4 Bg7 3. Nf3 d6 4. Bc4 e6 5. O-O Ne7 6. Qe2 h6 7. a4 a6 8. c3 b6
9. Bd3 Nd7 10. b4 O-O 11. Nbd2 e5 12. Bb2 c5 13. dxe5 Nxe5 14. Nxe5 dxe5 15.
bxc5 bxc5 16. Ba3 Qc7 17. Nb3 Rd8 18. Nxc5 a5 19. Bc4 Bf8 20. Qf3 Nc6 21. Bd5
Ra7 22. Qf6 Rd6 23. Qf3 Kg7 24. Nd3 Rd8 25. Bxf8+ Rxf8 26. Bxc6 Qxc6 27. Nxe5
Qc5 28. Nd3 Qxc3 29. Rac1 Qd4 30. Nc5 Qf6 31. Qe3 Re7 32. Qd2 Ra7 33. Rfd1 Re8
34. f3 Be6 35. Qd6 Ba2 36. Qxf6+ Kxf6 37. Rd2 Be6 38. Nxe6 Rxe6 39. Rd5 Rea6
40. Rcc5 h5 41. Kf2 Kg7 42. h4 Kh7 43. Ke3 Kg7 44. Kd4 Rb6 45. Rb5 Rba6 46. f4
f6 47. f5 g5 48. hxg5 fxg5 49. e5 h4 50. Ke4 Rc7 51. Rdc5 1-0

[Event "VII. Solinger Karnevalsopen"]
[Site "Solingen"]
[Date "2016.02.06"]
[Round "3.9"]
[White "Raygrotzki, Norbert"]
[Black "Koellner, Ulrich"]
[Result "0-1"]
[WhiteElo "1925"]
[BlackElo "1820"]
[PlyCount "92"]
[EventDate "2016.??.??"]
[WhiteTeam "SV Dinslaken"]
[BlackTeam "SV Hofheim"]

1. c4 Nf6 2. g3 g6 3. Bg2 Bg7 4. Nc3 O-O 5. e4 d6 6. Nge2 c5 7. O-O Nc6 8. d3
a6 9. Nd5 Nxd5 10. exd5 Nd4 11. Nxd4 Bxd4 12. Qe2 b5 13. Be3 Bg7 14. Rab1 Rb8
15. Qd2 bxc4 16. dxc4 Bf5 17. b3 Bxb1 18. Rxb1 a5 19. Bh6 Bxh6 20. Qxh6 a4 21.
h4 Qd7 22. Be4 axb3 23. axb3 Qg4 24. Qe3 Rb7 25. Kg2 f5 26. f3 f4 27. fxg4 fxe3
28. Bf3 Rfb8 29. Bd1 e2 30. Bc2 Rxb3 31. Bxb3 Rxb3 32. Re1 Re3 33. g5 Kf7 34.
Kf2 Re5 35. Rxe2 Rxe2+ 36. Kxe2 e6 37. Kd3 e5 38. Ke3 Ke7 39. Kd3 Kd7 40. Kc3
Kc7 41. Kc2 Kb6 42. Kb2 Ka5 43. Kb3 e4 44. Kc3 Ka4 45. g4 Ka3 46. h5 Ka4 0-1

[Event "VII. Solinger Karnevalsopen"]
[Site "Solingen"]
[Date "2016.02.06"]
[Round "3.10"]
[White "Schleining, Zoya"]
[Black "Meißner, Michael"]
[Result "1-0"]
[WhiteElo "2354"]
[BlackElo "1882"]
[PlyCount "73"]
[EventDate "2016.??.??"]
[WhiteTeam "SV Letmathe"]
[BlackTeam "Oberbilker SV"]

1. Nf3 Nf6 2. c4 e6 3. Nc3 d5 4. d4 Be7 5. Bf4 O-O 6. e3 c5 7. dxc5 Bxc5 8. Be2
dxc4 9. Bxc4 a6 10. Qxd8 Rxd8 11. O-O b5 12. Rfd1 Nbd7 13. Bc7 Re8 14. Bd3 Bb7
15. Ng5 b4 16. Na4 h6 17. Nf3 Rac8 18. Bg3 Bf8 19. Rac1 Bc6 20. Bxa6 Bxa4 21.
Bxc8 Rxc8 22. Rxc8 Bxd1 23. Nd4 g6 24. Bd6 Kg7 25. Bxf8+ Nxf8 26. Rc1 Bg4 27.
Nc6 Be2 28. Nxb4 N8d7 29. a4 Nb8 30. f3 Nfd7 31. Kf2 Ba6 32. Rc7 Nb6 33. b3 Nd5
34. Nxd5 exd5 35. b4 Bc4 36. b5 Kf6 37. Rb7 1-0

[Event "VII. Solinger Karnevalsopen"]
[Site "Solingen"]
[Date "2016.02.06"]
[Round "3.11"]
[White "Bießner, Eberhard"]
[Black "Terhuven, Patrick"]
[Result "0-1"]
[WhiteElo "1862"]
[BlackElo "2163"]
[PlyCount "78"]
[EventDate "2016.??.??"]
[WhiteTeam "Rheydter SV"]
[BlackTeam "Krefelder SK Turm"]

1. e4 c5 2. Nf3 g6 3. c3 d5 4. Bd3 dxe4 5. Bxe4 Nf6 6. Bc2 Nc6 7. d3 Bg7 8. Be3
b6 9. d4 Ng4 10. h3 Nxe3 11. fxe3 Qd6 12. O-O O-O 13. Nbd2 Qc7 14. Bd3 Bb7 15.
Qe2 Rad8 16. Nb3 cxd4 17. exd4 e5 18. dxe5 Nxe5 19. Nxe5 Rde8 20. Qf2 Rxe5 21.
Rae1 Rfe8 22. Nd4 Bh6 23. Nc2 Rxe1 24. Rxe1 Rxe1+ 25. Qxe1 Bf8 26. Qe2 Qf4 27.
Bc4 Bd6 28. Ne1 Qh2+ 29. Kf1 Qh1+ 30. Kf2 Bc5+ 31. Kg3 Bd6+ 32. Kf2 Kf8 33. b4
Qh2 34. Qg4 Qe5 35. Qd7 Bd5 36. Bxd5 Qxd5 37. Qc8+ Kg7 38. a3 Qd2+ 39. Kf1 Bg3
0-1

[Event "VII. Solinger Karnevalsopen"]
[Site "Solingen"]
[Date "2016.02.06"]
[Round "3.12"]
[White "Spindler, Florian"]
[Black "Zolfagharian, Kevin"]
[Result "1/2-1/2"]
[WhiteElo "1847"]
[BlackElo "2129"]
[PlyCount "61"]
[EventDate "2016.??.??"]
[WhiteTeam "SG Porz"]
[BlackTeam "SG Solingen"]

1. e4 c5 2. Nf3 Nc6 3. d4 cxd4 4. Nxd4 Nf6 5. Nc3 d6 6. Bc4 e6 7. O-O Be7 8.
Be3 O-O 9. Qe2 a6 10. Rad1 Qc7 11. Rfe1 Rd8 12. a3 Bd7 13. Bg5 Rac8 14. Nxc6
Bxc6 15. Bb3 b5 16. Bf4 Qb7 17. Kh1 a5 18. f3 a4 19. Ba2 b4 20. axb4 Qxb4 21.
Bc1 Be8 22. e5 dxe5 23. Rxd8 Rxd8 24. Qxe5 Bd6 25. Qe3 Qh4 26. h3 Bc6 27. Rd1
Qg3 28. Kg1 Nh5 29. Qg5 Qxg5 30. Bxg5 Bc5+ 31. Kf1 1/2-1/2

[Event "VII. Solinger Karnevalsopen"]
[Site "Solingen"]
[Date "2016.02.06"]
[Round "3.13"]
[White "Görke, Joachim"]
[Black "Vehmeyer, Thomas"]
[Result "1-0"]
[WhiteElo "2127"]
[BlackElo "1854"]
[PlyCount "59"]
[EventDate "2016.??.??"]
[WhiteTeam "SG Solingen"]
[BlackTeam "SF Lohmar"]

1. d4 d5 2. Nf3 Nc6 3. Bf4 Nf6 4. e3 e6 5. c3 Bd6 6. Ne5 Ne7 7. Bd3 Ng6 8. Bg3
O-O 9. Nd2 c6 10. h4 Qc7 11. f4 Ne7 12. h5 h6 13. Bh4 Ne8 14. g4 f6 15. Ng6
Nxg6 16. hxg6 e5 17. g5 fxg5 18. Bxg5 exf4 19. Qh5 Nf6 20. Bxf6 Rxf6 21. e4
dxe4 22. Nxe4 Qe7 23. O-O-O Re6 24. Bc4 Bd7 25. Rhe1 Kf8 26. Bxe6 Qxe6 27. Nxd6
Qxd6 28. Qe5 Qxe5 29. dxe5 Bg4 30. Rd4 1-0

[Event "VII. Solinger Karnevalsopen"]
[Site "Solingen"]
[Date "2016.02.06"]
[Round "3.14"]
[White "Rahimi, Rahim"]
[Black "Sewald, Kathrin"]
[Result "0-1"]
[WhiteElo "2083"]
[BlackElo "1754"]
[PlyCount "72"]
[EventDate "2016.??.??"]
[WhiteTeam "Hellertaler SF"]
[BlackTeam "SG Porz"]

1. e4 e5 2. Nf3 Nc6 3. Bc4 Bc5 4. c3 Nf6 5. d3 O-O 6. b4 Bb6 7. a4 a6 8. Na3 d6
9. h3 Ne7 10. Nc2 c6 11. Be3 Bc7 12. Bg5 Ng6 13. Nh4 Kh8 14. Ne3 h6 15. Bxf6
Qxf6 16. Nf3 Nh4 17. Nxh4 Qxh4 18. g3 Qg5 19. h4 Qg6 20. g4 Bb6 21. Nf5 Be6 22.
Qf3 Rad8 23. g5 h5 24. Rg1 Rd7 25. Rg3 d5 26. Ba2 Rfd8 27. Kf1 dxe4 28. dxe4
Rd3 29. Ne7 Qh7 30. g6 Rxf3 31. Rxf3 Qh6 32. gxf7 Rf8 33. Rg3 Bxf7 34. Nf5 Qd2
35. Rf3 Bxa2 36. Kg2 Be6 $138 0-1

[Event "VII. Solinger Karnevalsopen"]
[Site "Solingen"]
[Date "2016.02.06"]
[Round "3.15"]
[White "Bondarchuk, Vadim"]
[Black "Spradley, Julian"]
[Result "0-1"]
[WhiteElo "2030"]
[BlackElo "1744"]
[PlyCount "78"]
[EventDate "2016.??.??"]
[WhiteTeam "SG Benrath"]
[BlackTeam "SV Erftstadt"]

1. e4 e5 2. Nf3 Nc6 3. Bc4 Nf6 4. d3 Be7 5. c3 O-O 6. Bb3 d5 7. Qe2 dxe4 8.
dxe4 Bg4 9. Bg5 Nd7 10. Be3 Bc5 11. Nbd2 Qe7 12. O-O-O Bxe3 13. Qxe3 Nf6 14. h3
Be6 15. g4 Bxb3 16. Nxb3 b6 17. Nh4 Rad8 18. Nf5 Qe6 19. Qg5 Rxd1+ 20. Rxd1 Ne8
21. Rd5 Qf6 22. Qd2 g6 23. g5 Qe6 24. Nh6+ Kg7 25. Ng4 f5 26. Nh6 Nd6 27. exf5
gxf5 28. Qd1 Ne7 29. Rd3 Ng6 30. f3 Nf4 31. Re3 Nxh3 32. Nd4 Qg6 33. f4 Nxf4
34. Rxe5 Qxg5 35. Nhxf5+ Nxf5 36. Nxf5+ Rxf5 37. Qd7+ Kg6 38. Re8 Nd3+ 39. Kc2
Qc1+ 0-1

[Event "VII. Solinger Karnevalsopen"]
[Site "Solingen"]
[Date "2016.02.06"]
[Round "3.16"]
[White "Bussard, Achim"]
[Black "Tayyar, Alptug"]
[Result "1-0"]
[WhiteElo "1747"]
[BlackElo "2022"]
[PlyCount "67"]
[EventDate "2016.??.??"]
[WhiteTeam "SG Niederkassel"]
[BlackTeam "SW Remscheid"]

1. c4 e5 2. Nc3 Nf6 3. d3 d5 4. cxd5 Nxd5 5. Nf3 Nc6 6. g3 Be7 7. Bg2 Nb6 8.
O-O O-O 9. b3 Be6 10. Bb2 f6 11. Rc1 a5 12. Nd2 Qc8 13. Nc4 Nxc4 14. bxc4 Bh3
15. Nd5 Bc5 16. Bxh3 Qxh3 17. Nxc7 Rac8 18. Nb5 f5 19. e3 f4 20. exf4 exf4 21.
Qf3 fxg3 22. Qxg3 Qh6 23. d4 Rf5 24. Kh1 Be7 25. d5 Nb8 26. Rce1 Bg5 27. Nd6
Rf3 28. Qxf3 Qxd6 29. Qf5 Qd8 30. Re4 Nd7 31. Rfe1 Bf6 32. Qe6+ Kf8 33. Qd6+
Kf7 34. Bxf6 1-0

[Event "VII. Solinger Karnevalsopen"]
[Site "Solingen"]
[Date "2016.02.06"]
[Round "3.17"]
[White "Esser, Thomas"]
[Black "Runte, Dirk"]
[Result "1-0"]
[WhiteElo "2003"]
[BlackElo "1722"]
[PlyCount "51"]
[EventDate "2016.??.??"]
[WhiteTeam "PTSV Aachen"]
[BlackTeam "Fideler Bauer Leverkusen"]

1. d4 Nf6 2. c4 g6 3. g3 Bg7 4. Bg2 d6 5. Nc3 c6 6. Nf3 Nbd7 7. O-O O-O 8. e4
e5 9. h3 Re8 10. Be3 Nb6 11. b3 exd4 12. Nxd4 d5 13. exd5 cxd5 14. c5 Nbd7 15.
Ndb5 a6 16. Nd6 Rxe3 17. fxe3 Nxc5 18. Nxd5 Be6 19. Nxf6+ Bxf6 20. Rc1 Be5 21.
Nxf7 Bxf7 22. Qxd8+ Rxd8 23. Rxc5 Bb8 24. Bxb7 Ba7 25. Rc8 Bxe3+ 26. Kh2 1-0

[Event "VII. Solinger Karnevalsopen"]
[Site "Solingen"]
[Date "2016.02.06"]
[Round "3.18"]
[White "Humbek, Olav"]
[Black "Speck, Stefan"]
[Result "0-1"]
[WhiteElo "1740"]
[BlackElo "1984"]
[PlyCount "44"]
[EventDate "2016.??.??"]
[WhiteTeam "SF Lohmar"]
[BlackTeam "SC Solingen 28"]

1. b3 c5 2. Bb2 Nc6 3. e3 d5 4. Bb5 Nf6 5. Nf3 e6 6. Ne5 Qc7 7. O-O Bd6 8.
Bxc6+ bxc6 9. f4 Bb7 10. d3 O-O-O 11. Nd2 h5 12. c4 Rh6 13. Ndf3 Ng4 14. Nxg4
hxg4 15. Ne5 f5 16. g3 Rh5 17. Rc1 Kb8 18. d4 cxd4 19. Bxd4 c5 20. cxd5 Bxd5
21. b4 Rdh8 22. bxc5 Rxh2 0-1

[Event "VII. Solinger Karnevalsopen"]
[Site "Solingen"]
[Date "2016.02.06"]
[Round "3.19"]
[White "Kühn, Patrick"]
[Black "Hufnagel, Markus"]
[Result "1-0"]
[WhiteElo "1983"]
[BlackElo "1693"]
[PlyCount "63"]
[EventDate "2016.??.??"]
[WhiteTeam "SG Hochneukirch"]
[BlackTeam "SW Oberhausen"]

1. e4 c5 2. Nf3 Nc6 3. Bb5 g6 4. Bxc6 bxc6 5. O-O Bg7 6. Re1 Nf6 7. e5 Nd5 8.
c4 Nc7 9. d4 cxd4 10. Qxd4 O-O 11. Qh4 e6 12. Bg5 f6 13. exf6 Bxf6 14. Bxf6
Qxf6 15. Qxf6 Rxf6 16. Ne5 d5 17. Nxc6 dxc4 18. Na3 Bb7 19. Na5 Bd5 20. N5xc4
Raf8 21. f3 Bxc4 22. Nxc4 Nd5 23. Ne5 Rf5 24. Ng4 Rg5 25. Rxe6 Nf4 26. Re5 Rff5
27. Nh6+ Kg7 28. Nxf5+ gxf5 29. g3 h5 30. Rd1 Kf6 31. Ra5 Ne2+ 32. Kf2 1-0

[Event "VII. Solinger Karnevalsopen"]
[Site "Solingen"]
[Date "2016.02.06"]
[Round "3.20"]
[White "Wolff, Michael"]
[Black "Gawlick, Joachim"]
[Result "1-0"]
[WhiteElo "1970"]
[BlackElo "1824"]
[PlyCount "117"]
[EventDate "2016.??.??"]
[WhiteTeam "Ford SF Köln"]
[BlackTeam "SC Gerthe - Werne"]

1. e4 c6 2. d4 d5 3. f3 dxe4 4. fxe4 e5 5. Nf3 Bg4 6. Bc4 Nd7 7. c3 b5 8. Bb3
Ngf6 9. O-O Bd6 10. Bg5 Qc7 11. h3 Bh5 12. Nbd2 O-O 13. Qe1 a5 14. a3 exd4 15.
cxd4 Bg3 16. Qc1 h6 17. Be3 Rac8 18. e5 Nd5 19. Ne4 Bxf3 20. Rxf3 Bh4 21. Nd6
Nxe3 22. Qxe3 Bg5 23. Qf2 c5 24. Bxf7+ Kh8 25. Nxc8 cxd4 26. e6 Ne5 27. e7
Nxf3+ 28. Qxf3 Bxe7 29. Nxe7 Qxe7 30. Rf1 d3 31. Qxd3 Rxf7 32. Rxf7 Qxf7 33.
Qxb5 Qc7 34. Qe8+ Kh7 35. Qe4+ Kg8 36. Qb1 Qc5+ 37. Kh1 Kf7 38. b4 axb4 39.
axb4 Qb5 40. Qb3+ Ke7 41. Qc3 Kf7 42. Kg1 g5 43. Kf2 Qb6+ 44. Qc5 Qf6+ 45. Kg1
Qa1+ 46. Kh2 Qf1 47. Qe5 Qa6 48. b5 Qb6 49. Qd5+ Kg7 50. Qd7+ Kg8 51. Qc6 Qb8+
52. Kh1 Qf4 53. Qg6+ Kf8 54. Qxh6+ Ke7 55. Qh7+ Ke8 56. Qb1 Kf7 57. b6 Qb8 58.
b7 g4 59. Qf5+ 1-0

[Event "VII. Solinger Karnevalsopen"]
[Site "Solingen"]
[Date "2016.02.06"]
[Round "3.22"]
[White "Bashylin, Seva"]
[Black "Vranidis, Athanassios"]
[Result "0-1"]
[WhiteElo "1709"]
[BlackElo "1945"]
[PlyCount "50"]
[EventDate "2016.??.??"]
[WhiteTeam "SG Solingen"]
[BlackTeam "SG Solingen"]

1. d4 Nf6 2. Nf3 d5 3. c3 e6 4. Bg5 Be7 5. e3 Nbd7 6. Nbd2 O-O 7. Bd3 c5 8. Ne5
Nxe5 9. dxe5 Nd7 10. Bxe7 Qxe7 11. f4 b6 12. Qh5 g6 13. Qh6 f6 14. exf6 Rxf6
15. e4 e5 16. O-O-O exf4 17. exd5 Ne5 18. Be4 Qd6 19. Bf3 Bf5 20. Be2 Qxd5 21.
Nf3 Qe4 22. Kd2 Rd8+ 23. Ke1 Rxd1+ 24. Kxd1 Qb1+ 25. Kd2 Nxf3+ 0-1

[Event "VII. Solinger Karnevalsopen"]
[Site "Solingen"]
[Date "2016.02.06"]
[Round "3.23"]
[White "Erkay, Ali"]
[Black "Bigott, Martin"]
[Result "1-0"]
[WhiteElo "1916"]
[BlackElo "1908"]
[PlyCount "57"]
[EventDate "2016.??.??"]
[WhiteTeam "SG Solingen"]
[BlackTeam "SF Lohmar"]

1. d4 Nf6 2. c4 g6 3. Nc3 d5 4. Bf4 c6 5. e3 e6 6. Nf3 Bg7 7. h3 O-O 8. Be2
Nbd7 9. O-O dxc4 10. Bxc4 Nd5 11. Bg3 Nxc3 12. bxc3 b6 13. a4 a6 14. Qe2 Bb7
15. Rfd1 Qe7 16. e4 b5 17. Bb3 Rfc8 18. Rab1 h6 19. c4 b4 20. a5 c5 21. d5 e5
22. Ne1 Nf6 23. Nd3 Ne8 24. f4 f6 25. fxe5 fxe5 26. Bf2 Rc7 27. Ba4 Rac8 28.
Bxe8 Rxe8 29. Nxb4 1-0

[Event "VII. Solinger Karnevalsopen"]
[Site "Solingen"]
[Date "2016.02.06"]
[Round "3.24"]
[White "Ipekyilmaz, Mert"]
[Black "Gutt, Stefan"]
[Result "0-1"]
[WhiteElo "1471"]
[BlackElo "1950"]
[PlyCount "104"]
[EventDate "2016.??.??"]
[WhiteTeam "Langenfelder SF"]
[BlackTeam "Bergische SF"]

1. e4 c5 2. d4 e6 3. c3 d5 4. Bb5+ Bd7 5. Bxd7+ Qxd7 6. exd5 Qxd5 7. Qf3 Nf6 8.
Be3 Nbd7 9. Nd2 Be7 10. Ne2 Qxf3 11. Nxf3 O-O 12. O-O h6 13. h3 Nd5 14. Nf4
Nxf4 15. Bxf4 cxd4 16. Nxd4 a6 17. Rfe1 Bf6 18. Nf3 Rac8 19. Rad1 Rfd8 20. Rd2
Nc5 21. Be5 Rxd2 22. Nxd2 Nd3 23. Bxf6 Nxe1 24. Bd4 Nd3 25. c4 Nc1 26. Kf1 Nxa2
27. Ke2 Nb4 28. Bc3 Nc6 29. Ne4 b6 30. Ke3 Rd8 31. f4 f5 32. Nd2 a5 33. Nf3 Kf7
34. Nd4 Nxd4 35. Bxd4 Rb8 36. Be5 Rb7 37. Kd4 g5 38. g3 g4 39. h4 Rd7+ 40. Ke3
h5 41. Bd4 Rb7 42. Be5 Ke7 43. Kd4 Rd7+ 44. Ke3 Kd8 45. Bd4 Kc7 46. Be5+ Kc6
47. Bd4 b5 48. b3 bxc4 49. bxc4 Rb7 50. Kd2 Rb3 51. Bf2 Rb2+ 52. Ke1 Rxf2 0-1

[Event "VII. Solinger Karnevalsopen"]
[Site "Solingen"]
[Date "2016.02.06"]
[Round "3.26"]
[White "Meckel, Helmut"]
[Black "Müller, Hans-Peter"]
[Result "1-0"]
[WhiteElo "1793"]
[BlackElo "1545"]
[PlyCount "53"]
[EventDate "2016.??.??"]
[WhiteTeam "SG Solingen"]
[BlackTeam "SV Dinslaken"]

1. d4 d5 2. Nc3 Nf6 3. e4 dxe4 4. f3 e6 5. fxe4 Bb4 6. Bd3 O-O 7. Nf3 b6 8. a3
Bxc3+ 9. bxc3 Bb7 10. e5 Nd5 11. Bxh7+ Kxh7 12. Ng5+ Kg6 13. Qg4 f5 14. exf6
Nxf6 15. Qg3 Qd6 16. Qd3+ Ne4 17. Nxe4 Bxe4 18. Qxe4+ Rf5 19. g4 Nc6 20. gxf5+
exf5 21. Rg1+ Kf6 22. Bg5+ Kf7 23. Qxf5+ Kg8 24. Bf6 Re8+ 25. Kd1 Re7 26. Bxe7
Nxe7 27. Qe4 1-0

[Event "VII. Solinger Karnevalsopen"]
[Site "Solingen"]
[Date "2016.02.06"]
[Round "3.27"]
[White "Bashylina, Luisa"]
[Black "Ipekyilmaz, Tayfun"]
[Result "1-0"]
[WhiteElo "1624"]
[BlackElo "1771"]
[PlyCount "67"]
[EventDate "2016.??.??"]
[WhiteTeam "SG Solingen"]
[BlackTeam "Langenfelder SF"]

1. e4 e5 2. Nf3 Nc6 3. d4 exd4 4. Nxd4 d6 5. Nc3 Bd7 6. Be3 Nf6 7. f3 h5 8. Qd2
Nxd4 9. Qxd4 Be7 10. O-O-O c5 11. Qd2 a6 12. Bf4 O-O 13. Bxd6 Re8 14. e5 Nh7
15. Bxc5 Bxc5 16. Qxd7 Qg5+ 17. Kb1 Bb4 18. Bc4 Kh8 19. Ne4 Qxe5 20. Qxf7 Rad8
21. Rxd8 Rxd8 22. a3 b5 23. axb4 bxc4 24. Qxc4 Nf6 25. Nxf6 Qxf6 26. Re1 Qd6
27. Qh4 g6 28. g4 Qd4 29. Qg5 Qd6 30. gxh5 gxh5 31. Qxh5+ Kg7 32. Rg1+ Kf8 33.
Qf5+ Ke8 34. Re1+ 1-0

[Event "VII. Solinger Karnevalsopen"]
[Site "Solingen"]
[Date "2016.02.06"]
[Round "3.28"]
[White "Schulten, Sandro"]
[Black "Reinacher, Detlev"]
[Result "0-1"]
[WhiteElo "1530"]
[BlackElo "1759"]
[PlyCount "102"]
[EventDate "2016.??.??"]
[WhiteTeam "BW Concordia Viersen"]
[BlackTeam "SC Hansa Dortmund"]

1. d4 Nf6 2. c4 d6 3. Nc3 g6 4. e4 Bg7 5. f3 O-O 6. Bd3 Nbd7 7. Be3 c6 8. Nge2
Qc7 9. O-O e5 10. d5 c5 11. a3 a6 12. b4 b6 13. b5 a5 14. Ng3 h5 15. h4 Kh7 16.
Qd2 Ng8 17. Rf2 Nh6 18. Raf1 Nf6 19. a4 Nfg8 20. Nce2 Qe7 21. Bg5 f6 22. Be3
Bd7 23. Nc3 Rf7 24. Re1 Raf8 25. Kf1 Qd8 26. Ke2 Qc7 27. Kd1 Ne7 28. Ref1 f5
29. Bg5 fxe4 30. Bxe4 Nef5 31. Nxf5 Bxf5 32. Bxh6 Bxh6 33. Qd3 Bf4 34. Bxf5
Rxf5 35. Ne4 Qd7 36. g3 Bh6 37. Ke2 Qd8 38. Ke1 Kg7 39. Ke2 R8f7 40. Ke1 Kf8
41. Ke2 Ke8 42. Ke1 Kd7 43. Ke2 Kc7 44. Ke1 Qf8 45. Ke2 g5 46. Nxg5 Bxg5 47.
hxg5 Rxg5 48. f4 Rgf5 49. Qe3 exf4 50. Rxf4 Re7 51. Re4 Rxe4 0-1

[Event "VII. Solinger Karnevalsopen"]
[Site "Solingen"]
[Date "2016.02.06"]
[Round "3.29"]
[White "Kreutzmann, Duke"]
[Black "Best, Florian"]
[Result "1-0"]
[WhiteElo "1754"]
[BlackElo "1501"]
[PlyCount "21"]
[EventDate "2016.??.??"]
[WhiteTeam "Düsseldorfer SK"]
[BlackTeam "SF Hillscheid"]

1. d4 e6 2. Nf3 b6 3. Bf4 Bb7 4. e3 Nf6 5. Nbd2 c5 6. Nc4 d5 7. Nce5 Be7 8.
Bb5+ Nfd7 9. Nxd7 Nxd7 10. Ne5 Bc8 11. Nc6 1-0

[Event "VII. Solinger Karnevalsopen"]
[Site "Solingen"]
[Date "2016.02.06"]
[Round "3.30"]
[White "Zimdars, Wolfgang"]
[Black "Pan, Yun"]
[Result "1/2-1/2"]
[WhiteElo "1528"]
[BlackElo "1673"]
[PlyCount "119"]
[EventDate "2016.??.??"]
[WhiteTeam "SG Solingen"]
[BlackTeam "Fideler Bauer Leverkusen"]

1. d4 Nf6 2. Nf3 g6 3. c4 Bg7 4. Nc3 O-O 5. e4 d6 6. Be2 e5 7. d5 a5 8. O-O Na6
9. Nd2 Nc5 10. f3 a4 11. Re1 Nh5 12. Nf1 Nf4 13. Ng3 h5 14. Bf1 h4 15. Nge2
Nfd3 16. Be3 Nxe1 17. Qxe1 b6 18. Rd1 f5 19. Bxc5 bxc5 20. Qd2 f4 21. Kh1 Rf7
22. Ng1 Bf8 23. Nh3 Rh7 24. Qf2 Qf6 25. Bd3 g5 26. Be2 Qg6 27. Ng1 g4 28. fxg4
Bxg4 29. Bxg4 Qxg4 30. Rd3 Be7 31. Nb5 Qd7 32. Nc3 Kh8 33. Rd2 Rg8 34. Qe1 Bg5
35. Rc2 Bf6 36. Qe2 Qe8 37. Qf3 Bd8 38. Qe2 Rhg7 39. Qf1 Qg6 40. Rf2 Rh7 41. h3
Qe8 42. Nf3 Qd7 43. Qe2 Rg3 44. Qf1 Rhg7 45. Ne2 R3g6 46. Neg1 Qe8 47. Qe2 c6
48. Qd2 Rh7 49. Ne2 cxd5 50. Qxd5 Qe6 51. Qd3 Ba5 52. Kh2 Bb4 53. a3 Ba5 54.
Neg1 Rg3 55. Ne2 Rg8 56. Qc2 Qd7 57. Kh1 Qc6 58. Neg1 Qd7 59. Ne2 Qc6 60. Neg1
1/2-1/2

[Event "VII. Solinger Karnevalsopen"]
[Site "Solingen"]
[Date "2016.02.06"]
[Round "3.31"]
[White "Beißel, Daniel"]
[Black "Grunwald, Günther"]
[Result "0-1"]
[WhiteElo "1499"]
[BlackElo "1664"]
[PlyCount "44"]
[EventDate "2016.??.??"]
[WhiteTeam "SV Horrem"]
[BlackTeam "SW Oberhausen"]

1. d4 d5 2. Nf3 Nf6 3. e3 e6 4. Bd3 c5 5. c3 Nc6 6. Nbd2 Be7 7. O-O O-O 8. Re1
Re8 9. Qc2 c4 10. Bf1 b5 11. a3 Bb7 12. e4 dxe4 13. Nxe4 Nxe4 14. Qxe4 Na5 15.
Qg4 Bxf3 16. Qxf3 Qd5 17. Qg4 Bf6 18. g3 Qf5 19. Qxf5 exf5 20. Rxe8+ Rxe8 21.
f4 Nb3 22. Rb1 Re1 0-1